LEADER 01375cam a2200289 i 4500 001 991001762219707536 008 030901s1976 it 000 0 ita d 035 $ab12193434-39ule_inst 040 $aDip.to Biologia$beng 082 0 $a570$222 082 0 $a333.7 100 1 $aGabor, Dennis $026012 245 10$aOltre l'età dello spreco :$bricerca scientifica e politica delle risorse : quarto rapporto al Club di Roma /$cdi Dennis Gabor, Umberto Colombo ; con la collaborazione di Alexander King, Riccardo Galli ; presentazione di Aurelio Peccei 260 $aMilano :$bEdizioni scientifiche e tecniche Mondadori,$c1976 300 $a238 p. :$bill. ;$c21 cm 440 0$aBiblioteca della EST 500 $aTraduzione a cura di Carlo Sborgi 500 $aOrig. Tit.: Beyond the age of waste 650 4$aNatural resources$xUse 700 1 $aColombo, Umberto$eauthor$4http://id.loc.gov/vocabulary/relators/aut$020286 907 $a.b12193434$b02-04-14$c01-09-03 912 $a991001762219707536 945 $aLE003 570 EST01.23 (1976)$g1$i2003000042122$lle003$o-$pE0.00$q-$rl$s- $t0$u0$v0$w0$x0$y.i12560637$z01-09-03 945 $aLE022 MPs-S 118 A 32$g1$i2022000174145$lle022$o-$pE0.00$q-$rl$s- $t0$u0$v0$w0$x0$y.i13880986$z24-09-04 996 $aOltre l'età dello spreco$9331851 997 $aUNISALENTO 998 $ale003$ale022$b01-09-03$cm$da $e-$fita$git $h0$i0 LEADER 00642ojm 2200229z- 450 001 9910155721003321 005 20230913112557.0 010 $a1-5124-4621-1 035 $a(CKB)3710000000976327 035 $a(BIP)058891852 035 $a(EXLCZ)993710000000976327 100 $a20231107c2017uuuu -u- - 101 0 $aeng 200 10$aLet's Make a Picture Graph 210 $cLerner 215 $a1 online resource (24 p.) 330 8 $ahttps://ebooks.lernerbooks.com/reader/9781512463088 700 $aNelson$b Robin$0756505 906 $aAUDIO 912 $a9910155721003321 996 $aLet's Make a Picture Graph$93598374 997 $aUNINA